Statistiques concernant Drapeaux asiatiques.

Cliquez ici pour prendre le quiz!

Statistiques générales

  • Ce quiz a été pris 1 382 fois
    (691 depuis la dernière actualisation)
  • Le résultat moyen est 37 sur 48

Statistiques - réponses

Réponse% Correct
Chine
100%
Israel
97%
Japon
95%
Viet Nam
95%
Corée du Nord
94%
Corée du Sud
94%
Inde
94%
Turquie
94%
Arabie saoudite
90%
Géorgie
87%
Liban
87%
Pakistan
86%
Cambodge
85%
Bangladesh
84%
Irak
84%
Malaisie
83%
Singapour
83%
Sri Lanka
83%
Nepal
82%
Indonésie
81%
Iran
81%
Qatar
81%
Russie
81%
Thailande
80%
Laos
78%
Arménie
77%
Syrie
77%
Bhoutan
75%
Afghanistan
73%
Birmanie
73%
Kazakhstan
73%
Emirats Arabes Unis
71%
Ouzbékistan
71%
Turkménistan
71%
Mongolie
70%
Philippines
70%
Yémen
70%
Jordanie
68%
Azerbaidjan
67%
Taiwan
67%
Bahreïn
65%
Maldives
64%
Brunei
62%
Koweit
61%
Kirghizistan
59%
Timor oriental
58%
Oman
56%
Tadjikistan
54%

Distribution des résultats

Percentile par nombre de réponses

% des personnes avec chaque résultat

Votre développement - résultats

Vous n’avez pas pris ce quiz depuis la dernière actualisation